US States Containing Each Letter A-Z - Statistics

General Stats
  • This quiz has been taken 124 times
  • The average score is 150 of 187
Answer Stats
First In Example % Correct
A A Alabama
100%
N N North Dakota
97%
N O North Dakota
97%
N R North Dakota
97%
A L Alabama
94%
A N Arkansas
94%
A R Arkansas
94%
C C California
94%
C O California
94%
N A North Dakota
94%
N E New Jersey
94%
C A California
93%
C L Colorado
93%
C R California
93%
F A Florida
93%
F D Florida
93%
F F Florida
93%
F I Florida
93%
F L Florida
93%
F O Florida
93%
F R Florida
93%
M A Maryland
93%
M M Maryland
93%
O O Oregon
93%
A K Arkansas
92%
A S Alaska
92%
I A Indiana
92%
I I Indiana
92%
M N Maryland
92%
N W New York
92%
W I Wisconsin
92%
W N Wisconsin
92%
W W Wyoming
92%
A B Alabama
90%
A M Alabama
90%
I O Illinois
90%
W S Wisconsin
90%
C I California
89%
C N California
89%
D A Delaware
89%
D D Delaware
89%
D E Delaware
89%
D L Delaware
89%
D R Delaware
89%
D W Delaware
89%
N S New Hampshire
89%
O H Ohio
89%
W O Wisconsin
89%
M I Missouri
88%
N Y New York
88%
G A Georgia
86%
G E Georgia
86%
G G Georgia
86%
G I Georgia
86%
G O Georgia
86%
G R Georgia
86%
M E Maine
86%
N D North Dakota
86%
H A Hawaii
85%
H H Hawaii
85%
H I Hawaii
85%
H W Hawaii
85%
N I North Carolina
85%
T E Texas
85%
T S Texas
85%
T T Texas
85%
W A West Virginia
85%
W T Washington
85%
N H North Dakota
83%
N T North Dakota
83%
S A South Dakota
83%
S H South Dakota
83%
S O South Dakota
83%
S S South Carolina
83%
S T South Dakota
83%
S U South Dakota
83%
A I Arizona
82%
A O Arizona
82%
A Z Arizona
82%
I D Indiana
82%
I H Idaho
82%
K K Kentucky
82%
K N Kansas
82%
V N Virginia
82%
V R Virginia
82%
V V Virginia
82%
C F California
81%
I N Indiana
81%
L A Louisiana
81%
L I Louisiana
81%
L L Louisiana
81%
L N Louisiana
81%
L O Louisiana
81%
L S Louisiana
81%
L U Louisiana
81%
M C Michigan
81%
M H Michigan
81%
M O Missouri
81%
T A Texas
81%
T X Texas
81%
S C South Carolina
79%
S I South Carolina
79%
S L South Carolina
79%
S N South Carolina
79%
S R South Carolina
79%
C D Colorado
78%
O E Oregon
78%
O G Oregon
78%
O N Oregon
78%
O R Oregon
78%
V A Virginia
78%
V G Virginia
78%
V I Virginia
78%
M S Mississippi
76%
N C North Carolina
76%
N L North Carolina
76%
N M New Hampshire
76%
W H Washington
76%
M R Maryland
75%
O A Oklahoma
75%
O K Oklahoma
75%
O L Oklahoma
75%
O M Oklahoma
75%
P A Pennsylvania
75%
P E Pennsylvania
75%
P I Pennsylvania
75%
P L Pennsylvania
75%
P N Pennsylvania
75%
P P Pennsylvania
75%
P S Pennsylvania
75%
P Y Pennsylvania
75%
R A Rhode Island
75%
R D Rhode Island
75%
R E Rhode Island
75%
R H Rhode Island
75%
R I Rhode Island
75%
R L Rhode Island
75%
R N Rhode Island
75%
R O Rhode Island
75%
R R Rhode Island
75%
R S Rhode Island
75%
C E Connecticut
74%
C U Connecticut
74%
K A Kansas
74%
K C Kentucky
74%
K E Kentucky
74%
K S Kansas
74%
K T Kentucky
74%
K U Kentucky
74%
K Y Kentucky
74%
N J New Jersey
74%
T N Tennessee
74%
S D South Dakota
72%
S K South Dakota
72%
W E West Virginia
72%
W R West Virginia
72%
W V West Virginia
72%
C T Connecticut
71%
U A Utah
71%
U H Utah
71%
U T Utah
71%
U U Utah
71%
M T Montana
69%
O I Ohio
69%
V E Vermont
69%
V M Vermont
69%
V O Vermont
69%
V T Vermont
69%
P V Pennsylvania
67%
I L Illinois
65%
I S Illinois
65%
M G Michigan
65%
W G West Virginia
65%
W M Wyoming
65%
W Y Wyoming
65%
M D Maryland
64%
M L Maryland
64%
M Y Maryland
64%
N B Nebraska
64%
N K North Dakota
64%
I W Iowa
63%
N P New Hampshire
61%
W C Wisconsin
60%
N X New Mexico
57%
N V Nevada
54%
M P Mississippi
49%
M U Missouri
47%
No matching quizzes found
Score Distribution
Percent of People with Each Score
Percentile by Number Answered
Your Score History
You have not taken this quiz